The Patient Griselda Myth : Looking at Late Medieval and Early Modern European Literature.

Bibliographic Details
Main Author: Rüegg, Madeline.
Format: eBook
Language:English
Published: Berlin/Boston : Walter de Gruyter GmbH, 2019.
Edition:1st ed.
Subjects:
Online Access:Click to View
LEADER 01855nam a22003613i 4500
001 EBC6637498
003 MiAaPQ
005 20231204023216.0
006 m o d |
007 cr cnu||||||||
008 231204s2019 xx o ||||0 eng d
020 |a 9783110628715  |q (electronic bk.) 
035 |a (MiAaPQ)EBC6637498 
035 |a (Au-PeEL)EBL6637498 
035 |a (OCoLC)1105855028 
040 |a MiAaPQ  |b eng  |e rda  |e pn  |c MiAaPQ  |d MiAaPQ 
082 0 |a 809.93351 
100 1 |a Rüegg, Madeline. 
245 1 4 |a The Patient Griselda Myth :  |b Looking at Late Medieval and Early Modern European Literature. 
250 |a 1st ed. 
264 1 |a Berlin/Boston :  |b Walter de Gruyter GmbH,  |c 2019. 
264 4 |c {copy}2019. 
300 |a 1 online resource (416 pages) 
336 |a text  |b txt  |2 rdacontent 
337 |a computer  |b c  |2 rdamedia 
338 |a online resource  |b cr  |2 rdacarrier 
505 0 |a Intro -- Acknowledgments -- Contents -- Introduction -- Part I: Griselda-From ambiguous fictive character to the embodiment of various ideals -- Part II: The socio-political implications of social exogamy -- Part III: The state-as-household metaphor and tyranny in the patient Griselda myth, between political criticism and literary convention as propaganda -- Conclusion -- Work Cited -- Index. 
588 |a Description based on publisher supplied metadata and other sources. 
590 |a Electronic reproduction. Ann Arbor, Michigan : ProQuest Ebook Central, 2023. Available via World Wide Web. Access may be limited to ProQuest Ebook Central affiliated libraries.  
655 4 |a Electronic books. 
776 0 8 |i Print version:  |a Rüegg, Madeline  |t The Patient Griselda Myth  |d Berlin/Boston : Walter de Gruyter GmbH,c2019 
797 2 |a ProQuest (Firm) 
856 4 0 |u https://ebookcentral.proquest.com/lib/matrademy/detail.action?docID=6637498  |z Click to View